Základy upracování dat pro ekonomy Učební texty vysokých škol

Enregistré dans:
Détails bibliographiques
Auteur principal: Kaluža, Jindřich
Autres auteurs: Kalužová, Ludmila, Maňasová, Šárka
Format: Livre
Langue:tchèque
Publié: Ostrava Vysoká škola báňská 1988
Édition:1. vyd.
Tags: Ajouter un tag
Pas de tags, Soyez le premier à ajouter un tag!

MARC

LEADER 00000nam a2200000 4500
001 c028221
005 20221219090022.8
041 0 |a cze 
044 |a CZ 
245 1 0 |a Základy upracování dat pro ekonomy  |b Učební texty vysokých škol  |c Jindřich Kaluža, Ludmila Kalužová, Šárka Maňasová 
250 |a 1. vyd. 
264 1 |a Ostrava  |b Vysoká škola báňská  |c 1988 
300 |a 194 s. 
100 1 |a Kaluža, Jindřich 
700 1 |a Kalužová, Ludmila 
700 1 |a Maňasová, Šárka